000 00698nam a22002177a 4500
005 20251108173610.0
008 250721s2006 xx 000 0 ara d
020 _a9772930404
082 1 4 _aط/923.5/بدر
100 1 _aبدران، جمال
_eمؤلف
245 1 0 _aهتلر : النازي المتهور /
250 _aط.2
264 1 _aالقاهرة :
_bمكتبة الدار العربية،
_c2006.
300 _a70ص
490 0 _aسلسلة الطغاة و الجبابرة للشباب والناشئين
_v6
650 1 7 _aالتراجم
653 _aناشئون كبار 14-18 سنة
700 1 _aحمدان، وائل
_eرسام
942 _2ddc
_cBK
999 _c107806
_d107806